| 000 | 01346cam a22003255a 4500 | ||
|---|---|---|---|
| 001 | L123300 | ||
| 008 | s2003 xxk f 000 0 eng u | ||
| 020 |
_a1859417655 _a9781843145806 |
||
| 035 | _a(Sirsi) u123300 | ||
| 041 | _aeng | ||
| 050 |
_a346.41043 _c18 |
||
| 050 |
_a346.42043 _c21 |
||
| 100 | _aRoyle, Richard | ||
| 245 | 0 | 0 |
_aBriefcase on land law _h[electronic resource] |
| 250 | _a4th ed. | ||
| 260 |
_aLondon _bCavendish _c2003 |
||
| 300 |
_axxxi, 207p. _c22cm. |
||
| 350 | _a10 | ||
| 490 | _aCavendish Briefcase Series | ||
| 520 | _aWritten primarily for students, this fourth edition text explains the essential principles of key cases within the area of land law and is fully updated to take into account the Land Registration Act 2002. Provides chapters on definition and extent of land and conveyancing formalities; unregistered land; registered land; trusts of land; informal acquisition of rights and interests; leases; easements and profits a prendre; freehold covenants; and mortgages. Tables of cases and statutues. | ||
| 520 | _aSupersedes 2nd edition (ISBN 1859412521) | ||
| 521 | 2 | _aAdvanced | |
| 650 | _aLAND REGISTRATION ACT 1925 | ||
| 650 | _aLAND REGISTRATION ACT 2002 | ||
| 650 | _aLAND LAW | ||
| 650 | _aREGISTERED LAND | ||
| 651 | 4 |
_aUnited Kingdom _y |
|
| 690 | _aPROPERTY | ||
| 942 | _n0 | ||
| 999 |
_c103022 _d103022 |
||